Uso de Explosivos en Obras de Ingeniería Civil / Fundación ICA (Registro nro. 12426)
[ vista simple ]
| 000 -LÍDER | |
|---|---|
| fixed length control field | 00482nam a2200145 4500 |
| 008 - ELEMENTOS DE LONGITUD FIJA -- INFORMACIÓN GENERAL | |
| fixed length control field | 0 1997 0a 000 0MEX |
| 020 ## - NÚMERO INTERNACIONAL NORMALIZADO PARA LIBROS | |
| ISBN | 968-7508-37-X |
| 050 ## - SIGNATURA TOPOGRAFICA DE LA BIBLIOTECA DEL CONGRESO (LC) | |
| Número de Clasificación | TA740 I5 1997 |
| 082 ## - NUMERO DE CLASIFICACION DECIMAL DEWEY | |
| Número de Clasificación | 623.452 I15u |
| 100 ## - ASIENTO PRINCIPAL--NOMBRE PERSONAL | |
| Nombre personal | ICA, Fundación |
| 245 ## - TÍTULO | |
| Título | Uso de Explosivos en Obras de Ingeniería Civil / Fundación ICA |
| 260 ## - PUBLICACIÓN, DISTRIBUCIÓN, ETC. (PIE DE IMPRENTA) | |
| Lugar de publicación, distribución, etc. | México : Fundación ICA |
| 300 ## - DESCRIPCIÓN FÍSICA | |
| Extensión | 253 p. / 28 cm |
| 650 ## - ASIENTO SECUNDARIO DE MATERIA - TERMINO TEMÁTICO | |
| Término temático o nombre geográfico como elemento de entrada | 1.USO DE EXPLOSIVOS-DEMOLICIÓN \ 2.USO DE EXPLOSIVOS-ESTALLIDO \ 3.VOLADURAS |
| No. biblioteca | No. biblioteca | Número de clasificación | Código de barras/Número de adquisición | Número de copia | Tipo de material |
|---|---|---|---|---|---|
| LUIS G. INCLAN | LUIS G. INCLAN | 623.452 I15u | 38315 | 1 | Libros |
| LUIS G. INCLAN | LUIS G. INCLAN | 623.452 I15u | 38316 | 2 | Libros |
| LUIS G. INCLAN | LUIS G. INCLAN | 623.452 I15u | 38317 | 3 | Libros |
